ბათუმის შოთა რუსთაველის სახელმწიფო უნივერსიტეტის ბიბლიოთეკა

Surgery of the anus, rectum & colon : (ბიბ.ჩანაწერი № 61837)

000 -LEADER
fixed length control field 00606nam a22001817a 4500
005 - DATE AND TIME OF LATEST TRANSACTION
control field 20240524124147.0
008 - FIXED-LENGTH DATA ELEMENTS--GENERAL INFORMATION
fixed length control field 240524s2008 enk||||| |||| 00| 0 eng d
020 ## - INTERNATIONAL STANDARD BOOK NUMBER
International Standard Book Number 9780702027239x
041 ## - LANGUAGE CODE
Language code of text/sound track or separate title eng
080 ## - UNIVERSAL DECIMAL CLASSIFICATION NUMBER
Universal Decimal Classification number 616.345-089 K-27
100 ## - MAIN ENTRY--PERSONAL NAME
Personal name Keighley, Michael R. B.
9 (RLIN) 22171
245 ## - TITLE STATEMENT
Title Surgery of the anus, rectum & colon :
Remainder of title Volume 2 /
Statement of responsibility, etc. Michael R. B. Keighley, Norman S. Willians.
250 ## - EDITION STATEMENT
Edition statement 3rd edition
264 ## - PRODUCTION, PUBLICATION, DISTRIBUTION, MANUFACTURE, AND COPYRIGHT NOTICE
Place of production, publication, distribution, manufacture Philadelphia :
Name of producer, publisher, distributor, manufacturer Saunders Elsevier,
Date of production, publication, distribution, manufacture, or copyright notice 2008.
300 ## - PHYSICAL DESCRIPTION
Extent 2476 p.:
Other physical details ill.;
Dimensions 28 cm.
700 ## - ADDED ENTRY--PERSONAL NAME
Personal name Willians, Norman S.
Relator term ავტორი
9 (RLIN) 22173
942 ## - ADDED ENTRY ELEMENTS (KOHA)
Source of classification or shelving scheme
Koha item type წიგნი
ეგზემპლარები
Withdrawn status Lost status Source of classification or shelving scheme Damaged status Not for loan Permanent Location Current Location Shelving location Date acquired Cost, normal purchase price Full call number Barcode Date last seen Copy number Price effective from Koha item type Public note
          ბათუმის შოთა რუსთაველის სახელმწიფო უნივერსიტეტის მთავარი ბიბლიოთეკა ბათუმის შოთა რუსთაველის სახელმწიფო უნივერსიტეტის მთავარი ბიბლიოთეკა წიგნსაცავი 2024-05-24 491.50 616.345-089 K-27 67990 2024-05-24 67990 2024-05-24 წიგნი 491 ლ. 50 თ.